00623nam a2200169 a 450000500170000000800410001702000180005805000250007610000200010124500790012126000400020030000170024044000290025765000330028699900190031995201150033820140412111236.0060405s19uu xx 00 eng d a0-590-34526-5 aTR(GS 411bWa15 1986 aWalling, Elaine aWriter's workshop, B :bapplying the writing process /cby Elaine Walling. aNew York :bScholastic Inc.,c1986. a61 p. ; ill. aA Scholastic Skills Book aWritingxJuvenile literature c102446d102446 001040aELbELcTRd2006-04-05eLib. Fundl0oTR(GS 411 Wa15 1986pE1763r2014-04-12 00:00:00w2014-04-12yBK